qui c'est qui manie quoi ? (Demon Slayer) - Statistiques

Statistiques générales
  • Ce quiz a été pris 70 fois
  • Le résultat moyen est 8 sur 12
Statistiques - réponses
Indice Réponse % Correct
Lame : noir, standard. Garde : cercle noir puis flamme stylisée. Particularités : Lame rare et mystérieuse. Tanjirō Kamado
93%
Lame : bleu foncé, standard.Garde : Hexagonale / Tourbillon. Particularités : Sobre, lame bleu. Tomioka Giyu
68%
Lame : violette, fine et non tranchante.Garde : papillon avec glycine. Particularités : Injecte du poison Shinobu Kocho
67%
Lame : rouge feu, standard.Garde : Flamme stylisée. Particularités : Motifs de flammes sur la lame. Rengoku Kyojuro
65%
Lame : jaune, standard.Garde : cercle doré avec triangle. Particularités : Motifs de foudre sur la lame. Zenitsu Agatsuma
63%
Lame : blanche, standard.Garde : nuage stylisé. Particularités : Lame blanche, pure Muichiro Tokito
62%
Lame : violette foncée, ondulée (serpent).Garde : serpent stylisé. Particularités : Lame sinueuse Iguro Obanai
60%
Lame : rouge et or, courte lame double.Garde : / Particularités : Lames explosives Uzui Tengen
60%
Lame : rose, ultra-flexible (fouet).Garde : cœur stylisé. Particularités : Lame souple et fine Mitsuri Kanroji
58%
Lame : Grise (masse avec des chaines).Garde : / Particularités : Ne manie pas de katana Himejima Gyomei
57%
Lame : bleu indigo, dentelé (auto modifié).Garde : / Particularités : Deux lames dentelés, style sauvage. Inosuke Hashibira
53%
Lame : verte, standard.Garde : étoile à huit pointes. Particularités : Motifs de vent sur la lame. Sanemi Shinazugawa
53%
Aucun quiz correspondant
Distribution des résultats
% des personnes avec chaque résultat
Percentile par nombre de réponses
Votre historique - résultats
Vous n’avez pas pris ce quiz